Auftauende Konfliktlandschaften oder stabiler Untergrund?: Steffen Mau / Thomas Lux / Linus Westheuser, Triggerpunkte: Konsens und Konflikt in der Gegenwartsgesellschaft. Berlin: Suhrkamp 2024 (7. Auflage; Erstauflage 2023), 540 S., br., 25,00 €
Saved in:
| Main Author: | |
|---|---|
| Format: | Review |
| Language: | German |
| Published: |
3. März 2026
|
| In: |
Soziologische Revue
Year: 2026, Volume: 49, Issue: 1, Pages: 25-34 |
| ISSN: | 2196-7024 |
| DOI: | 10.1515/srsr-2026-2003 |
| Subjects: | |
| Online Access: | Verlag, lizenzpflichtig, Volltext: https://doi.org/10.1515/srsr-2026-2003 Verlag, lizenzpflichtig, Volltext: https://www.degruyterbrill.com/document/doi/10.1515/srsr-2026-2003/html |
| Author Notes: | besprochen von Prof. Dr. Thomas Schwinn: Universität Heidelberg, Max-Weber-Institut für Soziologie, Professur für Soziologische Theorie |
MARC
| LEADER | 00000caa a2200000 c 4500 | ||
|---|---|---|---|
| 001 | 1968422366 | ||
| 003 | DE-627 | ||
| 005 | 20260414093427.0 | ||
| 007 | cr uuu---uuuuu | ||
| 008 | 260413s2026 xx |||||oo 00| ||ger c | ||
| 024 | 7 | |a 10.1515/srsr-2026-2003 |2 doi | |
| 035 | |a (DE-627)1968422366 | ||
| 035 | |a (DE-599)KXP1968422366 | ||
| 040 | |a DE-627 |b ger |c DE-627 |e rda | ||
| 041 | |a ger | ||
| 084 | |a 14 |2 sdnb | ||
| 100 | 1 | |a Schwinn, Thomas |d 1959- |e VerfasserIn |0 (DE-588)128832053 |0 (DE-627)381578240 |0 (DE-576)171197178 |4 aut | |
| 245 | 1 | 0 | |a Auftauende Konfliktlandschaften oder stabiler Untergrund? |b Steffen Mau / Thomas Lux / Linus Westheuser, Triggerpunkte: Konsens und Konflikt in der Gegenwartsgesellschaft. Berlin: Suhrkamp 2024 (7. Auflage; Erstauflage 2023), 540 S., br., 25,00 € |c besprochen von Prof. Dr. Thomas Schwinn: Universität Heidelberg, Max-Weber-Institut für Soziologie, Professur für Soziologische Theorie |
| 264 | 1 | |c 3. März 2026 | |
| 300 | |a 10 | ||
| 336 | |a Text |b txt |2 rdacontent | ||
| 337 | |a Computermedien |b c |2 rdamedia | ||
| 338 | |a Online-Ressource |b cr |2 rdacarrier | ||
| 500 | |a Gesehen am 13.04.2026 | ||
| 655 | 7 | |a Rezension |0 (DE-588)4049712-4 |0 (DE-627)106186019 |0 (DE-576)209083166 |2 gnd-content | |
| 700 | 1 | |a Mau, Steffen |d 1968- |e VerfasserIn des Bezugswerks |0 (DE-588)123814219 |0 (DE-627)085457493 |0 (DE-576)177134550 |4 ant | |
| 700 | 1 | |a Westheuser, Linus |d 1989- |e VerfasserIn des Bezugswerks |0 (DE-588)1044346027 |0 (DE-627)771843755 |0 (DE-576)396906966 |4 ant | |
| 700 | 1 | |a Lux, Thomas |d 1979- |e VerfasserIn des Bezugswerks |0 (DE-588)1026306248 |0 (DE-627)726444669 |0 (DE-576)371616808 |4 ant | |
| 773 | 0 | 8 | |i Enthalten in |t Soziologische Revue |d Berlin : De Gruyter, 1978 |g 49(2026), 1, Seite 25-34 |h Online-Ressource |w (DE-627)618277463 |w (DE-600)2538197-0 |w (DE-576)31910351X |x 2196-7024 |7 nnas |a Auftauende Konfliktlandschaften oder stabiler Untergrund? Steffen Mau / Thomas Lux / Linus Westheuser, Triggerpunkte: Konsens und Konflikt in der Gegenwartsgesellschaft. Berlin: Suhrkamp 2024 (7. Auflage; Erstauflage 2023), 540 S., br., 25,00 € |
| 773 | 1 | 8 | |g volume:49 |g year:2026 |g number:1 |g pages:25-34 |g extent:10 |a Auftauende Konfliktlandschaften oder stabiler Untergrund? Steffen Mau / Thomas Lux / Linus Westheuser, Triggerpunkte: Konsens und Konflikt in der Gegenwartsgesellschaft. Berlin: Suhrkamp 2024 (7. Auflage; Erstauflage 2023), 540 S., br., 25,00 € |
| 787 | 0 | 8 | |i Rezension von |a Mau, Steffen, 1968 - |t Triggerpunkte |b 7. Auflage |d Berlin : Suhrkamp, 2024 |h 532 Seiten |w (DE-627)1885625782 |z 9783518029848 |
| 856 | 4 | 0 | |u https://doi.org/10.1515/srsr-2026-2003 |x Verlag |x Resolving-System |z lizenzpflichtig |3 Volltext |7 1 |
| 856 | 4 | 0 | |u https://www.degruyterbrill.com/document/doi/10.1515/srsr-2026-2003/html |x Verlag |z lizenzpflichtig |3 Volltext |7 1 |
| 951 | |a AR | ||
| 992 | |a 20260413 | ||
| 993 | |a Review | ||
| 994 | |a 2026 | ||
| 998 | |g 128832053 |a Schwinn, Thomas |m 128832053:Schwinn, Thomas |d 180000 |d 180600 |e 180000PS128832053 |e 180600PS128832053 |k 0/180000/ |k 1/180000/180600/ |p 1 |x j |y j | ||
| 999 | |a KXP-PPN1968422366 |e 4951217503 | ||
| BIB | |a Y | ||
| SER | |a journal | ||
| JSO | |a {"physDesc":[{"extent":"10 S."}],"type":{"media":"Online-Ressource","bibl":"article-journal"},"recId":"1968422366","id":{"eki":["1968422366"],"doi":["10.1515/srsr-2026-2003"]},"note":["Gesehen am 13.04.2026"],"name":{"displayForm":["besprochen von Prof. Dr. Thomas Schwinn: Universität Heidelberg, Max-Weber-Institut für Soziologie, Professur für Soziologische Theorie"]},"relHost":[{"part":{"volume":"49","pages":"25-34","extent":"10","issue":"1","year":"2026","text":"49(2026), 1, Seite 25-34"},"title":[{"title":"Soziologische Revue","title_sort":"Soziologische Revue","subtitle":"Besprechungen neuer Literatur"}],"language":["ger"],"origin":[{"dateIssuedDisp":"1978-","publisher":"De Gruyter ; Oldenbourg","dateIssuedKey":"1978","publisherPlace":"Berlin ; München"}],"note":["Gesehen am 27.08.2025"],"name":{"displayForm":["hrsg. von Heinz Hartmann [u.a.]"]},"pubHistory":["1.1978 -"],"disp":"Auftauende Konfliktlandschaften oder stabiler Untergrund? Steffen Mau / Thomas Lux / Linus Westheuser, Triggerpunkte: Konsens und Konflikt in der Gegenwartsgesellschaft. Berlin: Suhrkamp 2024 (7. Auflage; Erstauflage 2023), 540 S., br., 25,00 €Soziologische Revue","recId":"618277463","id":{"eki":["618277463"],"issn":["2196-7024"],"zdb":["2538197-0"]},"physDesc":[{"extent":"Online-Ressource"}],"type":{"bibl":"periodical","media":"Online-Ressource"}}],"title":[{"subtitle":"Steffen Mau / Thomas Lux / Linus Westheuser, Triggerpunkte: Konsens und Konflikt in der Gegenwartsgesellschaft. Berlin: Suhrkamp 2024 (7. Auflage; Erstauflage 2023), 540 S., br., 25,00 €","title":"Auftauende Konfliktlandschaften oder stabiler Untergrund?","title_sort":"Auftauende Konfliktlandschaften oder stabiler Untergrund?"}],"language":["ger"],"person":[{"display":"Schwinn, Thomas","role":"aut","given":"Thomas","family":"Schwinn"},{"given":"Steffen","family":"Mau","display":"Mau, Steffen","role":"ant"},{"display":"Westheuser, Linus","role":"ant","given":"Linus","family":"Westheuser"},{"display":"Lux, Thomas","role":"ant","given":"Thomas","family":"Lux"}],"origin":[{"dateIssuedDisp":"3. März 2026","dateIssuedKey":"2026"}]} | ||
| SRT | |a SCHWINNTHOAUFTAUENDE3202 | ||